000 00522cam a22001691 4500
082 _a428
_bGOW
_cL-29 p-3.
100 1 _aGowers, Ernest,
_938886
245 1 0 _aPlain words;
_ba guide to the use of English
_cSir Ernest Gowers
260 _aLondon,
_bH.M. Stationery Off.,
_c1948.
300 _av, 90 p.
_c22 cm.
526 _a0
_b0
_c0
_d428_000000000000000_GOW
526 _a0
_b0
_c0
_d428_000000000000000_GOW
650 0 _aEnglish language
650 0 _aMCE
_xStyle.
_938887
650 0 _aVocabulary.
_98305
942 _2ddc
_cBK
999 _c543506
_d543506